000 00653nam a22001697a 4500
005 20251108174820.0
008 250721s1993 xx 000 0 ara d
082 1 4 _a355.09565/راي
245 1 0 _aرايات الثورة العربية من ... الحسين إلى الحسين /
264 1 _aعمان :
_bدار الناس للصحافة و النشر و الدراسات و الإعلام (ناس برس)،
_c1993.
300 _a55ص.
650 1 7 _aالاردن
650 1 7 _aالقوات المسلحة
710 2 _aدار الناس للصحافة و النشر و الدراسات و الإعلام
942 _2ddc
_cBK
999 _c118771
_d118771